00389 2200145 4500001002100000008004100021035002000062245002300082100001600105260004000121300001800161082001100179650004000190990001300230INLIS000000000001971 ind  a0010-0423001971 aTHE JOKOWI SECRETS aAGUSSANTOSA aYOGYAKARTAbGRADIEN MEDIATAMAc2014 a246 hlm.ccm. a920598 aBIOGRAFI - INDONESIAM (ORANG-ORANG) a100858-1